Hanshin Juvenile Fillies Winning Horse - Statistics

General Stats
  • This quiz has been taken 3 times
  • The average score is 8 of 75
Answer Stats
Answer % Correct
Apapane アパパネ
100%
Liberty Island リバティアイランド
100%
Vodka ウオッカ
100%
Buena Vista ブエナビスタ
67%
Mejiro Dober メジロドーベル
67%
Nishino Flower ニシノフラワー
67%
Sodashi ソダシ
67%
Gold City ゴールドシチー
33%
Hishi Amazon ヒシアマソン
33%
Kotaro コウタロー
33%
Soccer Boy サッカーボーイ
33%
Tamamo Asahi タマモアサヒ
33%
T M Precure テイエムプリキュア
33%
Ascoli Piceno アスコリピチェーノ
0%
Bambton Court バンブトンコート
0%
Biwa Heidi ビワハイジ
0%
Chitose Harbour チトセハーバー
0%
Circle of Life サークルオブライフ
0%
Daigo Totsugeki ダイゴトツゲキ
0%
Daizen King ダイゼンキング
0%
Danon Fantasy ダノンファンタジー
0%
Eight Crown エイトクラウン
0%
Ein Bride アインブライド
0%
Hide Hayate ヒデハヤテ
0%
Ibuki Maikagura イブキマイカグラ
0%
International インターナシヨナル
0%
Joie de Vivre ジョワドヴィーヴル
0%
Katsuragi Heiden カツラギハイデン
0%
Kishu Laurel キシュウローレル
0%
Kitano Kachidoki キタノカチドキ
0%
Kodama コダマ
0%
Kogane Taifu コガネタイフウ
0%
Lafontaice ラフオンテース
0%
Lead Eighty リードエーティ
0%
Long Hayabusa ロングハヤブサ
0%
Long One ロングワン
0%
Lucky Lilac ラッキーライラック
0%
Lukcy Guerlain ラッキーゲラン
0%
Major Emblem メジャーエンブレム
0%
Marchs マーチス
0%
Meiji Midori メイジミドリ
0%
Mineharu ミネハル
0%
Miss Onward ミスオンワード
0%
Nihon Pillow Ace ニホンポローエース
0%
Peace of World ピースオブワールド
0%
Prima Donna プリマドンナ
0%
Raiden O ライデンオー
0%
Raijin ライジン
0%
Red Reveur レッドリヴェール
0%
Resistencia レシステンシア
0%
Reve d'Essor レーヴディソール
0%
Riki Eikan リキエイカン
0%
Robe Tissage ローブティサージュ
0%
Ryu Kiko リュウキコウ
0%
Ryu Lite リユウライト
0%
Shonan Adela ショウナンアデラ
0%
Shonan Peintre ショウナンパントル
0%
Soul Stirring ソウルスターリング
0%
Stinger スティンガー
0%
Suehiro Jo O スエヒロジョウオー
0%
Sunny Ciboulette サニーシプレー
0%
Taigyo タイギヨウ
0%
Tall Poppy トールポピー
0%
Tamuro Cherry タムロチェリー
0%
Tanino Moutiers タニノムーティエ
0%
Ten Point テンポイント
0%
Tetsuno Hana テツノハナ
0%
T M Ocean テイエムオーシャン
0%
Tosa Mor トサモアー
0%
Wakakusa ワカクサ
0%
Wizard ウイザード
0%
Yamakatsu Suzuran ヤマカツスズラン
0%
Yamanin Paradise ヤマニンパラダイス
0%
Yamanin Sucre ヤマニンシュクル
0%
Yashima Apollo ヤシマアポロ
0%
No matching quizzes found
Score Distribution
Percent of People with Each Score
Percentile by Number Answered
Your Score History
You have not taken this quiz